000 00609cam a22002053a 4500
001 39358
003 PGUSA
005 20140828083856.0
008 120403s2012||||xxu|||||s|||||000 | eng d
040 _aPGUSA
_beng
042 _adc
100 1 _aCrane, Walter,
_d1845-1915
245 1 2 _aA Winter Nosegay :
_bBeing Tales for Children at Christmastide
_h[electronic resource] /
_cWalter Crane
260 _bProject Gutenberg,
_c2012
506 _aPublic domain in the USA.
516 _aElectronic text
830 0 _aProject Gutenberg
_v39358
856 4 0 _uhttp://www.gutenberg.org/ebooks/39358
942 _cEB
999 _c268611
_d268611